Apuntes de un viaje al Perú durante la ocupación chilena

Guardado en:
Detalles Bibliográficos
Autor principal: Amunátegui Rivera, José Domingo (autor)
Formato: Libro
Lenguaje:español
Publicado: Santiago Imprenta Gutemberg, calle de Jofré, 42 1882
Edición:1a. ed
Materias:
Etiquetas: Agregar Etiqueta
Sin Etiquetas, Sea el primero en etiquetar este registro!

MARC

LEADER 00000nam a2200000 a 4500
001 UCJ5200
003 CL-VaPUC
008 070124e18820000CL |||||||||||||||||spa|d
082 0 4 |a 910.4  |b AMU  |2 21 
100 |a Amunátegui Rivera, José Domingo  |e autor  |9 510078 
245 1 0 |a Apuntes de un viaje al Perú durante la ocupación chilena 
250 |a 1a. ed 
300 |a 32 p 
942 |c BK 
945 |d 20070124 00:00:00  |a rinostro 
260 |a Santiago  |b Imprenta Gutemberg, calle de Jofré, 42  |c 1882 
500 |a Empastado junto a otras monografías en un volumen rotulado Varios folletos sobre guerra; ubicación 983 FIE 
650 0 |a Viajes  |9 257115 
650 7 |a CALLES Y PASEOS  |2 CL-VaPUC  |9 329702 
650 0 |a Cultura  |9 269059 
650 7 |a CHOLOS  |2 CL-VaPUC  |9 506521 
650 7 |a NEGROS  |2 CL-VaPUC  |9 340345 
650 7 |a CHINOS  |2 CL-VaPUC  |9 323565 
650 0 |a Guerra del Pacífico  |9 314886 
650 0 |a Ferrocarriles  |9 260933 
651 0 |a Perú  |9 256567 
651 7 |a LIMA  |2 CL-VaPUC  |9 350186 
651 7 |a CALLAO  |2 CL-VaPUC  |9 443682 
583 |a last modification  |c 20070124 00:00:00  |k Rodrigo Vera 
999 |c 321313  |d 321311 
952 |0 0  |1 0  |4 0  |6 910_400000000000000_AMU_1882  |7 0  |8 X  |9 400023  |a FDOBUD  |b FDOBUD  |d 2019-11-22  |i 103121K  |o 910.4 AMU 1882  |p 103121K  |r 2019-11-22  |w 2019-11-22  |y BK_X  |k BUD